[Event "IECG TE.2004.F.00700 email"]
[Site "IECG email"]
[Date "2004.02.20"]
[Round "?"]
[White "McDonald, Graham R"]
[Black "Fuernkranz, Johannes"]
[Result "0-1"]
[WhiteElo "1642"]
[BlackElo "1855"]
[PlyCount "50"]
[EventDate "2004.02.20"]
[EventType "tourn (corr)"]
[EventRounds "8"]
[SourceTitle "Corr 2008"]
[Source "ChessBase"]
[SourceDate "2008.06.24"]
[SourceVersion "1"]
[SourceVersionDate "2008.06.24"]
[SourceQuality "1"]

1. e4 e5 2. f4 exf4 3. Nf3 g5 4. Bc4 g4 5. 0-0 gxf3 6. Qxf3 Qf6 7. Nc3 Qd4+ 8. Kh1 Qxc4 9. b3 Qe6 10. Nd5 Na6 11. Bb2 f6 12. e5 Qf7 13. exf6 Kd8 14. Rae1 Nc5 15. Nxf4 Ne6 16. Qd5 Bd6 17. Be5 Bxe5 18. Rxe5 Nxf6 19. Nxe6+ Qxe6 20. Qxe6 dxe6 21. Rxf6 Ke7 22. Rh6 Bd7 23. Reh5 Raf8 24. Rxh7+ Rxh7 25. Rxh7+ Rf7 0-1

[Event "IECG TE.2004.F.00700 email"]
[Site "IECG email"]
[Date "2004.02.20"]
[Round "?"]
[White "Sakai, Kiyotaka"]
[Black "Fuernkranz, Johannes"]
[Result "0-1"]
[WhiteElo "2568"]
[BlackElo "1855"]
[PlyCount "82"]
[EventDate "2004.02.20"]
[EventType "tourn (corr)"]
[EventRounds "8"]
[SourceTitle "Corr 2008"]
[Source "ChessBase"]
[SourceDate "2008.06.24"]
[SourceVersion "1"]
[SourceVersionDate "2008.06.24"]
[SourceQuality "1"]

1. e4 e5 2. f4 exf4 3. Nf3 g5 4. Bc4 g4 5. 0-0 gxf3 6. Qxf3 Qf6 7. d3 Bh6 8. Nc3 Ne7 9. Bxf4 Bxf4 10. Qxf4 Qxf4 11. Rxf4 Nbc6 12. Bxf7+ Kd8 13. Bh5 d6 14. Raf1 Be6 15. Ne2 Kd7 16. Rf6 Rag8 17. Nf4 Bg4 18. Rf7 h6 19. Bxg4+ Rxg4 20. Nd5 Rg6 21. c3 Kd8 22. Nf4 Rgg8 23. d4 Ke8 24. Ne6 Nd8 25. Nxc7+ Kd7 26. Nd5 Nxf7 27. Rxf7 Re8 28. Nf6+ Ke6 29. Nxe8 Kxf7 30. Nxd6+ Kf6 31. e5+ Ke6 32. Nxb7 Rb8 33. Nc5+ Kd5 34. b3 Ng6 35. Na4 Rf8 36. g3 Ke4 37. Nc5+ Ke3 38. Kg2 Rf2+ 39. Kh3 Rc2 40. Na4 h5 41. a3 Kf2 0-1

[Event "IECG TE.2001.S.00901 email"]
[Site "IECG email"]
[Date "2003.10.08"]
[Round "?"]
[White "Fuernkranz, Johannes"]
[Black "Markus, Roland"]
[Result "0-1"]
[WhiteElo "1855"]
[BlackElo "2147"]
[PlyCount "59"]
[EventDate "2003.08.10"]
[EventType "tourn (corr)"]
[EventRounds "12"]
[SourceTitle "Corr 2008"]
[Source "ChessBase"]
[SourceDate "2008.06.24"]
[SourceVersion "1"]
[SourceVersionDate "2008.06.24"]
[SourceQuality "1"]

1. d4 Nf6 2. c4 e5 3. dxe5 Ng4 4. Bf4 Nc6 5. Nf3 Bb4+ 6. Nc3 Bxc3+ 7. bxc3 Qe7 8. Qd5 f6 9. exf6 Nxf6 10. Qd3 d6 11. g3 0-0 12. Bg2 Ne4 13. 0-0 Nc5 14. Qe3 Qf6 15. Nd4 Bd7 16. Qd2 Rae8 17. Nb5 Ne6 18. Bd5 Qd8 19. c5 a6 20. Nxc7 Qxc7 21. Bxd6 Qc8 22. f4 Rf7 23. f5 Ned8 24. e4 Ne5 25. c4 Kh8 26. Qb2 Ng4 27. Rae1 Rf6 28. h3 Rxd6 29. cxd6 Qc5+ 30. Kg2 0-1

[Event "IECG TE.2001.S.00701 email"]
[Site "IECG email"]
[Date "2003.01.27"]
[Round "?"]
[White "Fuernkranz, Johannes"]
[Black "Shutov, Andry"]
[Result "1-0"]
[WhiteElo "1855"]
[BlackElo "1724"]
[PlyCount "39"]
[EventDate "2003.01.27"]
[EventType "tourn (corr)"]
[EventRounds "8"]
[SourceTitle "Corr 2008"]
[Source "ChessBase"]
[SourceDate "2008.06.24"]
[SourceVersion "1"]
[SourceVersionDate "2008.06.24"]
[SourceQuality "1"]

1. e4 e5 2. f4 exf4 3. Nf3 g5 4. Bc4 g4 5. 0-0 gxf3 6. Qxf3 Qf6 7. b3 Qxa1 8. Nc3 Bc5+ 9. Kh1 d6 10. Qxf4 Ne7 11. Nd5 Kd8 12. Qxf7 Nbc6 13. c3 Re8 14. d4 Bd7 15. Bg5 Qxa2 16. dxc5 h6 17. Bh4 a6 18. cxd6 cxd6 19. e5 dxe5 20. Bxe7+ 1-0

[Event "IECG TE.2001.P.00705 email"]
[Site "IECG email"]
[Date "2001.05.20"]
[Round "?"]
[White "Shutov, Andry"]
[Black "Fuernkranz, Johannes"]
[Result "0-1"]
[WhiteElo "1408"]
[BlackElo "2130"]
[PlyCount "54"]
[EventDate "2001.05.20"]
[EventType "tourn (corr)"]
[EventRounds "8"]
[SourceTitle "Corr 2008"]
[Source "ChessBase"]
[SourceDate "2008.06.24"]
[SourceVersion "1"]
[SourceVersionDate "2008.06.24"]
[SourceQuality "1"]

1. e4 e5 2. f4 exf4 3. Nf3 g5 4. Bc4 g4 5. 0-0 gxf3 6. Qxf3 Qf6 7. e5 Qxe5 8. Bxf7+ Kxf7 9. d4 Qf5 10. Bxf4 Nf6 11. Qe2 d6 12. Be5 dxe5 13. Rxf5 Bxf5 14. Qxe5 Be6 15. Qxc7+ Nbd7 16. Nc3 Rg8 17. Rf1 Kg7 18. Kh1 Kh8 19. Qxb7 Rb8 20. Qxa7 Rxb2 21. Qa6 Rb6 22. Qd3 Bb4 23. Ne2 Bd5 24. Ng3 Rc6 25. a4 Rc3 26. Qd1 Bd6 27. Qd2 Rgc8 0-1

[Event "IECG CP.2000.P.00011"]
[Site "IECG email"]
[Date "2000.10.01"]
[Round "?"]
[White "Fuernkranz, Johannes"]
[Black "Dettmann, Terry"]
[Result "1-0"]
[WhiteElo "2130"]
[BlackElo "1200"]
[PlyCount "129"]
[EventDate "2000.10.01"]
[EventType "tourn (corr)"]
[EventRounds "6"]
[EventCountry "ESP"]
[SourceTitle "Corr 2008"]
[Source "ChessBase"]
[SourceDate "2008.06.24"]
[SourceVersion "1"]
[SourceVersionDate "2008.06.24"]
[SourceQuality "1"]

1. e4 d6 2. d4 Nf6 3. Nc3 g6 4. f3 Bg7 5. Be3 0-0 6. Qd2 Nc6 7. 0-0-0 a6 8. g4 b5 9. h4 Bb7 10. h5 e6 11. Bh6 Bxh6 12. Qxh6 b4 13. Nce2 Qe7 14. Nf4 g5 15. Qxg5+ Kh8 16. Ng6+ fxg6 17. hxg6 Kg8 18. Ne2 Nd7 19. Qh6 Rxf3 20. d5 Nce5 21. Nd4 Rf6 22. dxe6 Rxg6 23. Nf5 Qxe6 24. Qxh7+ Kf8 25. Bc4 Qxc4 26. Qe7+ Kg8 27. Rh7 Nf7 28. b3 Qe6 29. Rg7+ Rxg7 30. Qxe6 Nc5 31. Qf6 Rh7 32. Qg6+ Kh8 33. Rd2 Rg8 34. Qf6+ Rgg7 35. Nxg7 Rxg7 36. Rh2+ Kg8 37. Qe7 Bc6 38. Qxc7 Be8 39. Qc8 Kf8 40. e5 Rg6 41. exd6 Nd7 42. Re2 Nxd6 43. Rxe8+ Nxe8 44. Qxd7 Nf6 45. Qf5 Kg7 46. g5 Nh7 47. Qd7+ Kg8 48. Qc8+ Kf7 49. Qb7+ Kg8 50. Qxb4 Nxg5 51. Qe7 Nf7 52. c4 Rg1+ 53. Kb2 Rg5 54. c5 Re5 55. Qa7 a5 56. c6 Kf8 57. c7 Nd6 58. Qd4 Re2+ 59. Kc3 Nb5+ 60. Kd3 Nxd4 61. c8Q+ Ke7 62. Qc7+ Ke6 63. Qxa5 Nc6 64. Qa6 Rxa2 65. Qxc6+ 1-0